Gleanings: (Record no. 204748)

MARC details
000 -LEADER
fixed length control field 00711nam a22001817a 4500
005 - DATE AND TIME OF LATEST TRANSACTION
control field 20240802142359.0
010 ## - LCCN (DPL NO)
LC control number ENG-141150
020 ## - INTERNATIONAL STANDARD BOOK NUMBER
Terms of availability 350.00
International Standard Book Number 9789391399726
035 ## - SYSTEM CONTROL NUMBER
System control number EN-124682
037 ## - SOURCE OF ACQUISITION
Source of stock number/acquisition DBAD
082 ## - DEWEY DECIMAL CLASSIFICATION NUMBER
Classification number 280
100 ## - MAIN ENTRY--PERSONAL NAME
Personal name Mathias, Bishop Gerald John
245 ## - TITLE STATEMENT
Title Gleanings:
Remainder of title Morality, Synodality, Sprituality Magisterium/
Statement of responsibility, etc By Bishop Gerald John Mathias
260 ## - PUBLICATION, DISTRIBUTION, ETC. (IMPRINT)
Place of publication, distribution, etc Bengaluru
Name of publisher, distributor, etc ATC Publishers
270 ## - ADDRESS
City Bengaluru
Address St Mary's Block, Archdiocean Pastoral Centre No 5, Nandidunga Road, Benson Town Jayamahal Extension
Postal code 560046
Telephone number +91-80-25191999
-- 7090100444
-- +91-80-25192999
Electronic mail address admin@atcpublishers.com
300 ## - PHYSICAL DESCRIPTION
Extent 247p.
Dimensions 21cm(pbk)
942 ## - ADDED ENTRY ELEMENTS (KOHA)
Source of classification or shelving scheme Dewey Decimal Classification
Item type English Books
Classification part 280
Call number suffix MAT
Holdings
Withdrawn status Lost status Not for loan Collection code Home library Current library Date acquired Source of acquisition Cost, normal purchase price Full call number Barcode Copy number Cost, replacement price Koha item type
      Non-fiction Shahdara Branch Shahdara Branch 02/08/2024 Delivery of Books Act Division 350.00 280 MAT EN-124682 1 350.00 English Books

© Delhi Public Library
Hit Counter
free hit counter